[Event "SR 1. liga zapad 2013/2014"]
[Site "?"]
[Date "2013.12.15"]
[Round "33.5"]
[White "Lakatos, Vladimir"]
[Black "Baranek, Jozef"]
[Result "1/2-1/2"]
[WhiteElo "2158"]
[BlackElo "2152"]
[PlyCount "73"]
[EventDate "2013.??.??"]
[WhiteTeam "SK Prievidza"]
[BlackTeam "KSC Komarno"]

1. c4 Nf6 2. Nc3 e5 3. g3 c6 4. d4 exd4 5. Qxd4 Be7 6. Bg2 O-O 7. e4 a6 8. a4
a5 9. Nge2 Na6 10. Qd1 d6 11. Nf4 Nb4 12. O-O Nd7 13. Be3 Ne5 14. b3 Qc7 15.
Na2 Na6 16. Rb1 Bg4 17. f3 Bd7 18. h3 f5 19. Nc3 Nb4 20. Bd4 Rad8 21. Kh2 Bc8
22. Qd2 fxe4 23. fxe4 Rf6 24. Be3 Rdf8 25. Kg1 Qd8 26. Qe2 Qe8 27. Nh5 Rxf1+
28. Rxf1 Rxf1+ 29. Bxf1 Qf7 30. Bg2 g6 31. Nf4 g5 32. Nh5 g4 33. Nf4 gxh3 34.
Bxh3 Bxh3 35. Nxh3 Qg7 36. Kg2 Bh4 37. Bf2 1/2-1/2

[Event "SR 1. liga zapad 2013/2014"]
[Site "?"]
[Date "2013.12.15"]
[Round "33.6"]
[White "Hegedus, Roland"]
[Black "Pinter, Patrik"]
[Result "1-0"]
[WhiteElo "2020"]
[BlackElo "2162"]
[PlyCount "61"]
[EventDate "2013.??.??"]
[WhiteTeam "KSC Komarno"]
[BlackTeam "SK Prievidza"]

1. e4 g6 2. d4 Bg7 3. Nc3 c5 4. Be3 Nc6 5. dxc5 Bxc3+ 6. bxc3 Nf6 7. f3 Qa5 8.
Qd2 O-O 9. Bc4 Rd8 10. Ne2 d5 11. exd5 Nxd5 12. Bxd5 e6 13. c4 Qxd2+ 14. Bxd2
exd5 15. O-O-O dxc4 16. Bc3 Be6 17. Bf6 Rxd1+ 18. Rxd1 Nb4 19. Nc3 Na6 20. Ne4
Nc7 21. Be5 Ne8 22. Ng5 Bf5 23. g4 Bxg4 24. fxg4 f6 25. Rd7 fxe5 26. Rxb7 Rc8
27. Ne6 Rc6 28. Re7 Nf6 29. g5 Ne4 30. Nd8 Ra6 31. Rxe5 1-0

[Event "SR 1. liga zapad 2013/2014"]
[Site "?"]
[Date "2013.12.15"]
[Round "33.7"]
[White "Detko, Jan"]
[Black "Sebensky, Martin"]
[Result "1-0"]
[WhiteElo "2162"]
[BlackElo "2003"]
[PlyCount "43"]
[EventDate "2013.??.??"]
[WhiteTeam "SK Prievidza"]
[BlackTeam "KSC Komarno"]

1. e4 Nf6 2. e5 Nd5 3. Nc3 Nb6 4. Nf3 d6 5. d4 Bg4 6. h3 Bh5 7. Be2 dxe5 8.
Nxe5 Bxe2 9. Qxe2 N8d7 10. Bf4 e6 11. O-O-O c6 12. d5 Qf6 13. Bg3 Bb4 14. Nxd7
Nxd7 15. dxc6 bxc6 16. Ne4 Qh6+ 17. Kb1 e5 18. Qc4 Rb8 19. Rd3 f5 20. Rhd1 fxe4
21. Rxd7 Qf6 22. Bh4 1-0

[Event "SR 1. liga zapad 2013/2014"]
[Site "?"]
[Date "2013.12.15"]
[Round "33.8"]
[White "Molnar, Erno"]
[Black "Gazikova, Veronika"]
[Result "0-1"]
[WhiteElo "2002"]
[BlackElo "2093"]
[PlyCount "90"]
[EventDate "2013.??.??"]
[WhiteTeam "KSC Komarno"]
[BlackTeam "SK Prievidza"]

1. e4 e5 2. Nf3 Nc6 3. Bb5 f5 4. Nc3 fxe4 5. Nxe4 Nf6 6. d3 d5 7. Ng3 Bd6 8.
O-O O-O 9. Re1 Bg4 10. Bxc6 bxc6 11. h3 Bxf3 12. Qxf3 e4 13. Qe3 exd3 14. cxd3
Re8 15. Qd2 Qd7 16. Nf1 Qf5 17. Rxe8+ Rxe8 18. Qc3 c5 19. Be3 d4 20. Qb3+ Nd5
21. Bd2 Rf8 22. f3 Kh8 23. Re1 Bf4 24. Re4 Bxd2 25. Nxd2 Nf4 26. Kh2 Qg5 27. g3
Nh5 28. Nf1 Nf6 29. Re1 h5 30. f4 Qg6 31. Re2 h4 32. g4 Nd7 33. Re4 Nb6 34. f5
Qd6+ 35. Kg1 Nd5 36. Re6 Qd7 37. Qc4 Nf4 38. Re5 Qc6 39. Re4 Nxh3+ 40. Kh2 Ng5
41. Nd2 Qd6+ 42. Kh1 Qg3 43. Qxc5 Nh3 44. Qxf8+ Kh7 45. Qe8 Qg1# 0-1

[Event "SR 1. liga zapad 2013/2014"]
[Site "?"]
[Date "2013.12.15"]
[Round "34.1"]
[White "Farkas, Gabor"]
[Black "Zatko, Gregor"]
[Result "0-1"]
[WhiteElo "2307"]
[BlackElo "2188"]
[PlyCount "82"]
[EventDate "2013.??.??"]
[WhiteTeam "NSK Nitra"]
[BlackTeam "SK Levice"]

1. Nf3 Nf6 2. g3 e6 3. Bg2 c5 4. O-O Be7 5. d3 Nc6 6. e4 d6 7. Nc3 O-O 8. Bf4
a6 9. a4 Ra7 10. h4 b6 11. Ne2 Rd7 12. Bh3 Qc7 13. Qc1 Rdd8 14. c4 Nd7 15. Be3
Bf6 16. Nf4 Nde5 17. Ne1 g6 18. Ne2 Nd7 19. h5 Nd4 20. Nxd4 cxd4 21. Bh6 Bg7
22. hxg6 hxg6 23. Kg2 Qc5 24. Rh1 Nf6 25. Nc2 a5 26. Bf5 Nd7 27. Bxg7 Kxg7 28.
Qh6+ Kf6 29. Qh4+ g5 30. Qh6+ Ke7 31. Qxg5+ Ke8 32. Rhe1 Bb7 33. Kg1 Ne5 34.
Kf1 exf5 35. exf5 Kd7 36. f6 Kc8 37. Rad1 Rh8 38. f4 Rh1+ 39. Kf2 Rh2+ 40. Kf1
Bg2+ 41. Kf2 Bh3+ 0-1

[Event "SR 1. liga zapad 2013/2014"]
[Site "?"]
[Date "2013.12.15"]
[Round "34.2"]
[White "Kalisky, Vladimir"]
[Black "Szucs, Vladimir"]
[Result "1-0"]
[WhiteElo "2186"]
[BlackElo "2248"]
[PlyCount "61"]
[EventDate "2013.??.??"]
[WhiteTeam "SK Levice"]
[BlackTeam "NSK Nitra"]

1. e4 c5 2. Nf3 g6 3. d4 cxd4 4. Nxd4 Nc6 5. Nc3 Bg7 6. Be3 Nf6 7. Bc4 O-O 8.
Bb3 a5 9. O-O Nxd4 10. Bxd4 d6 11. a4 Bd7 12. Qd3 Bc6 13. Rad1 Rc8 14. Rfe1 Nd7
15. Bxg7 Kxg7 16. Qd4+ Kg8 17. Re3 Nc5 18. e5 Nxb3 19. cxb3 d5 20. Qf4 Qc7 21.
Qh6 e6 22. Ne2 f6 23. Nf4 Rce8 24. Nxg6 Rf7 25. Rg3 hxg6 26. Rxg6+ Rg7 27. exf6
Rxg6 28. Qxg6+ Kf8 29. Qh6+ Kg8 30. Rd4 Qh7 31. f7+ 1-0

[Event "SR 1. liga zapad 2013/2014"]
[Site "?"]
[Date "2013.12.15"]
[Round "34.3"]
[White "Gorusa, Miroslav"]
[Black "Hudoba, Ondrej"]
[Result "1/2-1/2"]
[WhiteElo "2146"]
[BlackElo "2155"]
[PlyCount "52"]
[EventDate "2013.??.??"]
[WhiteTeam "NSK Nitra"]
[BlackTeam "SK Levice"]

1. d4 Nf6 2. c4 e6 3. Nf3 Bb4+ 4. Bd2 Qe7 5. g3 Nc6 6. Bg2 O-O $2 7. O-O $2
Bxd2 8. Nbxd2 d6 9. e4 e5 10. d5 Nb8 11. b4 a5 12. a3 Na6 13. Ne1 Bg4 14. f3
Bd7 15. Nd3 axb4 16. axb4 c6 17. dxc6 bxc6 18. Qe2 Be6 19. Qe3 Nd7 20. Ra4 c5
21. Rfa1 Nc7 22. Rxa8 Rxa8 23. Rxa8+ Nxa8 24. bxc5 Nxc5 25. Nxc5 Qa7 26. Bf1
Qxc5 1/2-1/2

[Event "SR 1. liga zapad 2013/2014"]
[Site "?"]
[Date "2013.12.15"]
[Round "34.4"]
[White "Chlpik, Martin"]
[Black "Skreno, Vladimir"]
[Result "0-1"]
[WhiteElo "2077"]
[BlackElo "2195"]
[PlyCount "76"]
[EventDate "2013.??.??"]
[WhiteTeam "SK Levice"]
[BlackTeam "NSK Nitra"]

1. d4 Nf6 2. Bf4 g6 3. Nf3 Bg7 4. h3 d6 5. e3 c6 6. Nbd2 O-O 7. Be2 Nbd7 8. c3
c5 9. O-O a6 10. a4 b6 11. Qb3 Bb7 12. Rfd1 Qc7 13. Bh2 Bc6 14. Bc4 Qb7 15. e4
cxd4 16. cxd4 d5 17. exd5 Bxd5 18. Rac1 Rfc8 19. Ne5 Rxc4 20. Ndxc4 b5 21. Re1
Ra7 22. Nxd7 Qxd7 23. Ne5 Bxb3 24. Nxd7 Rxd7 25. Rc8+ Bf8 26. Be5 Nd5 27. a5 f6
28. Bg3 Kf7 29. f3 Bh6 30. Bf2 Bd2 31. Ra1 Nb4 32. Ra3 Bd5 33. b3 Nc6 34. Ra2
Bb4 35. Ra8 Ra7 36. Rxa7 Nxa7 37. Bg3 Nc6 38. Bc7 Nxd4 0-1

[Event "SR 1. liga zapad 2013/2014"]
[Site "?"]
[Date "2013.12.15"]
[Round "34.5"]
[White "Dlhy, Jozef"]
[Black "Berek, Geza"]
[Result "1/2-1/2"]
[WhiteElo "2057"]
[BlackElo "2134"]
[PlyCount "28"]
[EventDate "2013.??.??"]
[WhiteTeam "NSK Nitra"]
[BlackTeam "SK Levice"]

1. d4 g6 2. e4 Bg7 3. Nf3 d6 4. Bg5 Nf6 5. Nbd2 O-O 6. Be2 h6 7. Bxf6 Bxf6 8.
c3 c5 9. dxc5 dxc5 10. O-O Nc6 11. a4 Qc7 12. Qc2 Be6 13. Nc4 Rfd8 14. Rfd1
Rxd1+ 1/2-1/2

[Event "SR 1. liga zapad 2013/2014"]
[Site "?"]
[Date "2013.12.15"]
[Round "34.6"]
[White "Nikel, Rastislav"]
[Black "Pindes, Robert"]
[Result "1-0"]
[WhiteElo "2018"]
[BlackElo "2031"]
[PlyCount "45"]
[EventDate "2013.??.??"]
[WhiteTeam "SK Levice"]
[BlackTeam "NSK Nitra"]

1. d4 Nf6 2. c4 g6 3. Nc3 Bg7 4. e4 d6 5. f3 e5 6. d5 Nh5 7. Be3 f5 8. exf5
gxf5 9. Qd2 O-O 10. O-O-O Nd7 11. g4 fxg4 12. fxg4 Nf4 13. Nge2 Nb6 14. Nxf4
exf4 15. Bxf4 Bxg4 16. Re1 Qd7 17. Rg1 Rf7 18. Bd3 Raf8 19. Bh6 Bxh6 20. Qxh6
Kh8 21. Bxh7 Rf6 22. Bg6+ Kg8 23. Rxg4 1-0

[Event "SR 1. liga zapad 2013/2014"]
[Site "?"]
[Date "2013.12.15"]
[Round "34.7"]
[White "Valovic, Stefan"]
[Black "Geffert, Peter"]
[Result "1-0"]
[WhiteElo "1987"]
[BlackElo "1919"]
[PlyCount "73"]
[EventDate "2013.??.??"]
[WhiteTeam "NSK Nitra"]
[BlackTeam "SK Levice"]

1. d4 d5 2. Nf3 e6 3. e3 Nf6 4. Bd3 Be7 5. Nbd2 O-O 6. O-O Nbd7 7. Qe2 c5 8. c3
b6 9. e4 dxe4 10. Nxe4 Bb7 11. Neg5 cxd4 12. cxd4 h6 13. Nxe6 fxe6 14. Qxe6+
Kh8 15. Nh4 Re8 16. Ng6+ Kh7 17. Nxe7+ Kh8 18. Ng6+ Kh7 19. Ne5+ Be4 20. Bxe4+
Nxe4 21. Qf5+ Kg8 22. Qxe4 Nf6 23. Qf4 Qd5 24. Be3 Re6 25. b3 Rf8 26. Qh4 Ne4
27. f3 Nc3 28. Qe1 Nb5 29. Qd2 h5 30. Rad1 Nd6 31. Bf2 Rh6 32. Qe2 h4 33. Rfe1
h3 34. Bg3 hxg2 35. Ng4 Rg6 36. Qxg2 Rxf3 37. Ne5 1-0

[Event "SR 1. liga zapad 2013/2014"]
[Site "?"]
[Date "2013.12.15"]
[Round "34.8"]
[White "Mesaros, Jan"]
[Black "Zelovic, Marek"]
[Result "0-1"]
[WhiteElo "1828"]
[BlackElo "2036"]
[PlyCount "45"]
[EventDate "2013.??.??"]
[WhiteTeam "SK Levice"]
[BlackTeam "NSK Nitra"]

1. c4 e6 2. Nf3 d5 3. d4 Nf6 4. Bg5 Be7 5. e3 O-O 6. Bd3 Nbd7 7. O-O h6 8. Bxf6
Nxf6 9. Nc3 c5 10. Qe2 a6 11. a4 b6 12. Rac1 Bb7 13. Rfd1 Qe8 14. Ne5 cxd4 15.
exd4 Bb4 16. cxd5 Bxc3 17. bxc3 Bxd5 18. Bxa6 Qxa4 19. Bb5 Qa3 20. h3 Ne4 21.
Qe3 Qb2 22. Bd3 f5 23. Qe2 0-1

[Event "SR 1. liga zapad 2013/2014"]
[Site "?"]
[Date "2013.12.15"]
[Round "36.1"]
[White "Schwarz, Dusan"]
[Black "Federic, Jozef"]
[Result "1-0"]
[WhiteElo "2390"]
[BlackElo "2269"]
[PlyCount "99"]
[EventDate "2013.??.??"]
[WhiteTeam "SK Doprastav Bratislava B"]
[BlackTeam "SK Modra"]

1. d4 d5 2. c4 c6 3. Nf3 Nf6 4. Nc3 e6 5. Bg5 Be7 6. e3 O-O 7. Qc2 Nbd7 8. Rd1
a6 9. a3 b5 10. c5 e5 11. dxe5 Ng4 12. Bf4 Nxc5 13. h3 Nh6 14. Bxh6 gxh6 15. e4
Bb7 16. Nd4 Re8 17. exd5 cxd5 18. Bd3 Nxd3+ 19. Rxd3 Bd6 20. f4 Qh4+ 21. g3 Qh5
22. O-O Bc5 23. Kh2 Rac8 24. Qg2 Qg6 25. Rfd1 Kh8 26. g4 Rg8 27. Nce2 Qe4 28.
Qf2 Bb6 29. Ng3 Qg6 30. Ngf5 Rc7 31. Qh4 Re8 32. Nxh6 Rc4 33. Nhf5 Rec8 34. Ne7
Rc2+ 35. Nxc2 Rxc2+ 36. R3d2 Rxd2+ 37. Rxd2 Qe6 38. Qg5 f6 39. Qxf6+ Qxf6 40.
exf6 Be3 41. Rd3 Bxf4+ 42. Kg1 d4 43. Kf2 Bg5 44. Rxd4 Bxf6 45. Rd8+ Kg7 46.
Rd7 Be4 47. Nd5+ Kg6 48. Nxf6 Kxf6 49. Rd6+ Kg5 50. Rxa6 1-0

[Event "SR 1. liga zapad 2013/2014"]
[Site "?"]
[Date "2013.12.15"]
[Round "36.2"]
[White "Banas, Kamil"]
[Black "Todor, Razvan"]
[Result "1-0"]
[WhiteElo "2221"]
[BlackElo "2161"]
[PlyCount "145"]
[EventDate "2013.??.??"]
[WhiteTeam "SK Modra"]
[BlackTeam "SK Doprastav Bratislava B"]

1. e4 d5 2. exd5 Qxd5 3. Nc3 Qd6 4. Nf3 Nf6 5. d4 a6 6. g3 b5 7. Bg2 Bb7 8. O-O
e6 9. Bf4 Qd8 10. Qe2 Be7 11. Rad1 O-O 12. Ne5 Nd5 13. Nxd5 Bxd5 14. b3 b4 15.
Rd3 a5 16. Rfd1 Ra6 17. c4 bxc3 18. Rxc3 Bb4 19. Rc2 a4 20. Nd3 Bd6 21. Bxd5
exd5 22. Bxd6 Qxd6 23. Nc5 axb3 24. Nxb3 Ra3 25. Rdc1 c6 26. Qe1 Ra4 27. Re2 h6
28. Qc3 Qa3 29. Rce1 Rc4 30. Qd2 Nd7 31. Re3 Qa4 32. h4 Nf6 33. f3 Ra8 34. R1e2
h5 35. Re7 Ra7 36. Re8+ Kh7 37. Rb8 Ra8 38. Rxa8 Qxa8 39. Na5 Rxd4 40. Qxd4
Qxa5 41. Qd2 Qc7 42. Kg2 c5 43. a4 c4 44. a5 d4 45. Qxd4 Qxa5 46. Qxc4 Qa7 47.
Rc2 Qd7 48. Qc7 Qd5 49. Rb2 Qe6 50. Qc2+ Kg8 51. Rb8+ Ne8 52. Qb2 Kh7 53. Qb1+
g6 54. Qb2 Ng7 55. Ra8 Ne8 56. Qa2 Qxa2+ 57. Rxa2 Nf6 58. Kf2 Kg7 59. Ke3 Nd5+
60. Kd4 Nf6 61. Ra7 Kf8 62. Ke5 Kg7 63. Rb7 Ng8 64. g4 hxg4 65. fxg4 Nh6 66.
Kf4 Kg8 67. g5 Nf5 68. h5 Ng7 69. hxg6 fxg6 70. Ke5 Ne8 71. Rb8 Kf7 72. Rxe8
Kxe8 73. Kf6 1-0

[Event "SR 1. liga zapad 2013/2014"]
[Site "?"]
[Date "2013.12.15"]
[Round "36.4"]
[White "Federic, Pavol"]
[Black "Bednar, Jan"]
[Result "1-0"]
[WhiteElo "2172"]
[BlackElo "2185"]
[PlyCount "65"]
[EventDate "2013.??.??"]
[WhiteTeam "SK Modra"]
[BlackTeam "SK Doprastav Bratislava B"]

1. e4 e5 2. Nf3 Nc6 3. d4 exd4 4. Nxd4 Bc5 5. Nb3 Bb6 6. Nc3 Qf6 7. Qe2 Nge7 8.
Be3 O-O 9. O-O-O d6 10. f4 Bg4 11. Qxg4 Bxe3+ 12. Kb1 Qxf4 13. Qd7 Bb6 14. Be2
Qf6 15. Qh3 Ne5 16. Rhf1 Qe6 17. g4 c6 18. Qg3 a5 19. a4 Rad8 20. h4 d5 21. Nd4
Bxd4 22. Rxd4 c5 23. exd5 Nxd5 24. Re4 Rfe8 25. Bc4 Nxc3+ 26. Qxc3 Qd6 27. Rfe1
h5 28. gxh5 Qd4 29. Rxd4 cxd4 30. Qb3 Rc8 31. Bb5 Re7 32. Qd5 d3 33. Rxe5 1-0

[Event "SR 1. liga zapad 2013/2014"]
[Site "?"]
[Date "2013.12.15"]
[Round "36.5"]
[White "Danada, Tomas"]
[Black "Mydlarik, Martin"]
[Result "1-0"]
[WhiteElo "2099"]
[BlackElo "2112"]
[PlyCount "109"]
[EventDate "2013.??.??"]
[WhiteTeam "SK Doprastav Bratislava B"]
[BlackTeam "SK Modra"]

1. d4 Nf6 2. Nf3 b6 3. g3 Bb7 4. Bg2 e6 5. O-O Be7 6. c4 O-O 7. Nc3 d5 8. Ne5
h6 9. Qa4 a6 10. Rd1 c6 11. Qc2 Nbd7 12. e4 Rc8 13. Bf4 Nxe4 14. Nxe4 dxe4 15.
Qxe4 Nxe5 16. Bxe5 Bf6 17. Bxf6 Qxf6 18. Qe5 Qxe5 19. dxe5 Rfd8 20. Rd6 Kf8 21.
Rad1 Ke7 22. b4 b5 23. c5 Rxd6 24. cxd6+ Kd7 25. Rd3 f5 26. f4 a5 27. bxa5 Ra8
28. Ra3 Ba6 29. Kf2 b4 30. Ra4 Bb5 31. Rxb4 Rxa5 32. Rb2 Ra7 33. Bf1 Bxf1 34.
Kxf1 c5 35. Ke2 g5 36. h3 gxf4 37. gxf4 h5 38. Kf3 h4 39. a4 Kc6 40. Rd2 Kd7
41. Ra2 Rb7 42. Ra3 Kc6 43. a5 Rg7 44. Kf2 Kb7 45. a6+ Ka7 46. Rd3 Rd7 47. Rc3
Kb6 48. Ke2 Rg7 49. Kd3 Kb5 50. Rb3+ Kc6 51. Kc4 Rg1 52. Ra3 Rc1+ 53. Kb3 Rb1+
54. Kc2 Rb8 55. a7 1-0

[Event "SR 1. liga zapad 2013/2014"]
[Site "?"]
[Date "2013.12.15"]
[Round "36.6"]
[White "Dugovic, Branislav"]
[Black "Karas, Marek"]
[Result "1-0"]
[WhiteElo "2175"]
[BlackElo "2037"]
[PlyCount "109"]
[EventDate "2013.??.??"]
[WhiteTeam "SK Modra"]
[BlackTeam "SK Doprastav Bratislava B"]

1. Nf3 g6 2. d4 Bg7 3. c4 f5 4. g3 Nf6 5. Bg2 d6 6. O-O O-O 7. Nc3 Qe8 8. Re1
c6 9. e4 fxe4 10. Nxe4 Nxe4 11. Rxe4 Bf5 12. Re1 Qf7 13. Ng5 Qf6 14. Be3 Na6
15. Qb3 Rab8 16. Qa4 h6 17. Ne4 Qf7 18. Nd2 Bd7 19. Qa3 Ra8 20. Qb3 Rab8 21.
Qa3 Ra8 22. Qd3 Bf5 23. Qb3 Bc8 24. Be4 Nc7 25. Qd3 Bf5 26. Bxf5 Qxf5 27. Qxf5
gxf5 28. Bf4 Rfe8 29. Nf3 Rad8 30. Re2 Kf7 31. Rae1 Rd7 32. Nh4 e6 33. c5 Rdd8
34. cxd6 Nb5 35. d7 Rxd7 36. Nxf5 Nxd4 37. Nxd4 Rxd4 38. Be3 Re4 39. a3 b6 40.
b4 Rd8 41. Rc2 Rd6 42. Rec1 Rd3 43. Rxc6 Rxa3 44. Rc7+ Kg6 45. R1c6 a5 46. b5
Rb3 47. Rxb6 a4 48. Ra7 a3 49. Rba6 Rxb5 50. Rxa3 h5 51. h4 Bf6 52. R3a6 Kf5
53. Kg2 Reb4 54. Rh7 Re4 55. Rxh5+ 1-0

[Event "SR 1. liga zapad 2013/2014"]
[Site "?"]
[Date "2013.12.15"]
[Round "36.7"]
[White "Polacik, Igor"]
[Black "Kundrak, Vladimir"]
[Result "1-0"]
[WhiteElo "2168"]
[BlackElo "1945"]
[PlyCount "71"]
[EventDate "2013.??.??"]
[WhiteTeam "SK Doprastav Bratislava B"]
[BlackTeam "SK Modra"]

1. e4 b6 2. c4 Bb7 3. Nc3 e6 4. a3 g6 5. d4 Ne7 6. d5 Bg7 7. Be3 O-O 8. Qd2 f5
9. f3 Re8 10. Nge2 c5 11. Bg5 exd5 12. Nxd5 Bxd5 13. exd5 Qc8 14. O-O-O d6 15.
Nc3 Nd7 16. Re1 Bf6 17. Bxf6 Nxf6 18. Re6 Kf7 19. Nb5 Rd8 20. Qg5 Neg8 21.
Nxd6+ Rxd6 22. Rxd6 Qc7 23. Re6 Re8 24. Rxe8 Kxe8 25. Qe3+ Kf7 26. Bd3 Kg7 27.
g3 Ne7 28. Re1 Nc8 29. Qg5 b5 30. Re6 Qd8 31. Qe3 bxc4 32. Bxc4 Nxd5 33. Qe5+
Nf6 34. Ba6 Nb6 35. Re7+ Kh6 36. Qxf6 1-0

[Event "SR 1. liga zapad 2013/2014"]
[Site "?"]
[Date "2013.12.15"]
[Round "36.8"]
[White "Horvath, Marek"]
[Black "Goga, Frantisek"]
[Result "0-1"]
[WhiteElo "1811"]
[BlackElo "1887"]
[PlyCount "122"]
[EventDate "2013.??.??"]
[WhiteTeam "SK Modra"]
[BlackTeam "SK Doprastav Bratislava B"]

1. e4 c5 2. c3 Nc6 3. d4 cxd4 4. cxd4 d5 5. exd5 Qxd5 6. Nf3 Bg4 7. Be2 e6 8.
Nc3 Qd7 9. O-O Nf6 10. h3 Bh5 11. Be3 Be7 12. Qd2 Bg6 13. Bb5 a6 14. Ne5 Qc7
15. Bf4 Bd6 16. Bxc6+ bxc6 17. Nxg6 hxg6 18. Ne2 Nd5 19. Bg3 Bxg3 20. Nxg3 Rh4
21. Rfe1 Rd8 22. Re4 Rxe4 23. Nxe4 Qf4 24. Re1 Qxd2 25. Nxd2 Nb4 26. a3 Nc2 27.
Re4 Rxd4 28. Rxd4 Nxd4 29. Ne4 Nb5 30. Nc5 Nc7 31. Kf1 Ke7 32. Ke2 Kd6 33. Nb7+
Kd5 34. Kd3 e5 35. f3 Ne6 36. Ke3 Nf4 37. g3 Nxh3 38. b4 Ng5 39. Nc5 a5 40. Nd3
axb4 41. Nxb4+ Kc5 42. Nd3+ Kd6 43. a4 Ne6 44. a5 Nc7 45. Kd2 c5 46. Kc3 Kd5
47. Nf2 f5 48. Nd1 Nb5+ 49. Kd2 Kc6 50. Nb2 Nd4 51. Ke3 Kb5 52. Nd3 Nc6 53. f4
exf4+ 54. Nxf4 Kxa5 55. Nxg6 Kb4 56. Nf4 Kb3 57. Kd2 c4 58. Ne6 c3+ 59. Kc1 Nb4
60. Nd4+ Kc4 61. Nf3 Kd3 0-1

[Event "SR 1. liga zapad 2013/2014"]
[Site "?"]
[Date "2013.12.15"]
[Round "35.1"]
[White "Zetocha, Claudiu"]
[Black "Smolen, Jan"]
[Result "0-1"]
[WhiteElo "2363"]
[BlackElo "2384"]
[PlyCount "86"]
[EventDate "2013.??.??"]
[WhiteTeam "SK Slovan Bratislava C"]
[BlackTeam "SK Strelec Devinska Nova Ves"]

1. e4 e6 2. Qe2 c5 3. Nf3 Nc6 4. g3 g6 5. Bg2 Bg7 6. O-O Nge7 7. d3 O-O 8. c3
d6 9. a3 Rb8 10. Rd1 e5 11. b4 b6 12. b5 Na5 13. Nbd2 d5 14. Rb1 Qc7 15. c4
dxe4 16. dxe4 f5 17. Bb2 fxe4 18. Nxe4 Nf5 19. Bc3 Nb7 20. Neg5 h6 21. Bxe5
Bxe5 22. Nxe5 hxg5 23. Nxg6 Rf6 24. Ne5 Be6 25. Re1 Nbd6 26. Qh5 Qg7 27. Ng4
Nd4 28. Nxf6+ Qxf6 29. Rxe6 Nxe6 30. Bd5 Nf7 31. Re1 Re8 32. Qg4 Nc7 33. Rxe8+
Nxe8 34. Qd7 Ned6 35. Qxa7 Nf5 36. a4 Ne7 37. Kg2 Nxd5 38. cxd5 c4 39. Qc7 Qd4
40. Qc6 c3 41. a5 Qe4+ 42. Kf1 c2 43. Qc8+ Kh7 0-1

[Event "SR 1. liga zapad 2013/2014"]
[Site "?"]
[Date "2013.12.15"]
[Round "35.2"]
[White "Machalova, Veronika"]
[Black "Petran, Peter"]
[Result "1/2-1/2"]
[WhiteElo "2224"]
[BlackElo "2320"]
[PlyCount "129"]
[EventDate "2013.??.??"]
[WhiteTeam "SK Strelec Devinska Nova Ves"]
[BlackTeam "SK Slovan Bratislava C"]

1. e4 g6 2. d4 Bg7 3. Nc3 c6 4. f4 d5 5. e5 Nh6 6. Nf3 Bg4 7. Bd3 f6 8. Be3 O-O
9. O-O Nd7 10. h3 Bxf3 11. Rxf3 fxe5 12. fxe5 e6 13. Rxf8+ Qxf8 14. Ne2 Nf5 15.
Bxf5 Qxf5 16. Ng3 Qf7 17. c3 c5 18. Qd2 cxd4 19. cxd4 Nb6 20. b3 Qd7 21. Rf1
Rf8 22. Rxf8+ Bxf8 23. Qa5 Nc8 24. Bg5 a6 25. Qc3 Na7 26. Ne2 Nc6 27. Qd2 Qf7
28. Bf6 h6 29. Qf4 Kh7 30. Qg4 h5 31. Qf3 Bh6 32. Qc3 Qf8 33. g4 Qb4 34. Qc2
Qe1+ 35. Kg2 hxg4 36. hxg4 Be3 37. Ng3 Bxd4 38. Qe2 Qxe2+ 39. Nxe2 Bxe5 40.
Bxe5 Nxe5 41. Nd4 Nxg4 42. Nxe6 a5 43. Nc5 b6 44. Nd7 b5 45. Kf3 Nh6 46. Nf6+
Kg7 47. Nxd5 g5 48. a4 bxa4 49. bxa4 Nf5 50. Kg4 Kg6 51. Nc7 Ne3+ 52. Kf3 Nc4
53. Nd5 Nb2 54. Ne7+ Kh5 55. Kg3 g4 56. Nd5 Kg5 57. Ne3 Nxa4 58. Nxg4 Nc5 59.
Ne3 a4 60. Nc4 Kf5 61. Kf3 Ke6 62. Ke3 Nd7 63. Kd4 Ne5 64. Nxe5 a3 65. Kc3
1/2-1/2

[Event "SR 1. liga zapad 2013/2014"]
[Site "?"]
[Date "2013.12.15"]
[Round "35.3"]
[White "Havlicek, Libor"]
[Black "Peitl, Tomas"]
[Result "0-1"]
[WhiteElo "2268"]
[BlackElo "2207"]
[PlyCount "59"]
[EventDate "2013.??.??"]
[WhiteTeam "SK Slovan Bratislava C"]
[BlackTeam "SK Strelec Devinska Nova Ves"]

1. d4 d5 2. c4 c6 3. Nf3 Nf6 4. g3 Bf5 5. Bg2 e6 6. Nc3 Be7 7. O-O h6 8. a3 O-O
9. Nd2 Nbd7 10. b4 dxc4 11. Nxc4 Nb6 12. Na5 Qd7 13. b5 cxb5 14. Bxb7 Rad8 15.
Bc6 Qxd4 16. Qxd4 Rxd4 17. Be3 Rdd8 18. Nxb5 Ng4 19. Bf4 e5 20. Bc1 a6 21. Nc7
Rc8 22. Nxa6 Nc4 23. Bb7 Nxa5 24. Bxc8 Rxc8 25. f3 Nf6 26. Nb4 Nb3 27. e4 Nxa1
28. exf5 Nb3 29. Bb2 Nd2 30. Rf2 0-1

[Event "SR 1. liga zapad 2013/2014"]
[Site "?"]
[Date "2013.12.15"]
[Round "35.4"]
[White "Sosovicka, Juraj"]
[Black "Ruckschloss, Karol"]
[Result "1/2-1/2"]
[WhiteElo "2188"]
[BlackElo "2244"]
[PlyCount "61"]
[EventDate "2013.??.??"]
[WhiteTeam "SK Strelec Devinska Nova Ves"]
[BlackTeam "SK Slovan Bratislava C"]

1. e4 g6 2. d4 Bg7 3. Nc3 c6 4. Be3 d5 5. Nf3 Bg4 6. Be2 e6 7. h3 Bxf3 8. Bxf3
f5 9. exf5 exf5 10. g4 Ne7 11. Qd2 Nd7 12. Bh6 O-O 13. h4 Bxh6 14. Qxh6 fxg4
15. Bxg4 Nf5 16. Qd2 Qe7+ 17. Ne2 Nxh4 18. O-O-O Nf3 19. Qh6 Rf7 20. Nf4 Ng5
21. Nxg6 Qf6 22. Bxd7 Qxg6 23. Qxg6+ hxg6 24. Rdg1 Rxd7 25. Rxg5 Kg7 26. Rhg1
Rd6 27. f4 Rf8 28. f5 Rff6 29. Kd2 Kf7 30. fxg6+ Rxg6 31. Rxg6 1/2-1/2

[Event "SR 1. liga zapad 2013/2014"]
[Site "?"]
[Date "2013.12.15"]
[Round "35.5"]
[White "Castiglione, Mario"]
[Black "Duben, Igor"]
[Result "1/2-1/2"]
[WhiteElo "2240"]
[BlackElo "2179"]
[PlyCount "31"]
[EventDate "2013.??.??"]
[WhiteTeam "SK Slovan Bratislava C"]
[BlackTeam "SK Strelec Devinska Nova Ves"]

1. c4 c6 2. Nf3 d5 3. e3 Nf6 4. b3 Bg4 5. Bb2 e6 6. h3 Bh5 7. Nc3 Nbd7 8. Be2
Be7 9. O-O O-O 10. d4 Re8 11. Rc1 Rc8 12. cxd5 cxd5 13. a3 a6 14. Nd2 Bg6 15.
b4 Nb6 16. Qb3 1/2-1/2

[Event "SR 1. liga zapad 2013/2014"]
[Site "?"]
[Date "2013.12.15"]
[Round "35.6"]
[White "Kolesar, Milan"]
[Black "Turna, Stefan"]
[Result "1-0"]
[WhiteElo "2161"]
[BlackElo "2217"]
[PlyCount "79"]
[EventDate "2013.??.??"]
[WhiteTeam "SK Strelec Devinska Nova Ves"]
[BlackTeam "SK Slovan Bratislava C"]

1. Nf3 Nf6 2. c4 g6 3. g3 Bg7 4. Bg2 O-O 5. d4 d6 6. O-O Nc6 7. Nc3 a6 8. d5
Na5 9. Nd2 c5 10. Rb1 Rb8 11. b3 b5 12. Bb2 Bd7 13. h3 Qc7 14. Qc2 Nb7 15. e4
e6 16. Nd1 exd5 17. cxd5 c4 18. b4 a5 19. a3 Ra8 20. Nc3 Qb6 21. Kh2 Nh5 22. f4
Rae8 23. Rbe1 axb4 24. axb4 f5 25. Nf3 fxe4 26. Ng5 e3 27. Ne6 Nd8 28. Nxg7
Nxg7 29. Ne4 Bf5 30. Qc3 Re7 31. Nf6+ Kh8 32. Be4 Ref7 33. Bxf5 Rxf6 34. Bg4 h5
35. Bf3 Kh7 36. Rxe3 h4 37. g4 Qc7 38. f5 gxf5 39. Qe1 Rh6 40. Re7 1-0